00603nam a2200169Ia 450000500170000000800410001702000180005808200130007624500700008926000230015930000190018250000860020170000260028794200060031395200990031999900150041820250620015416.0240331s9999 xx 000 0 und d a9789551655877 bLLRa323 0aUgath Padam ha Prathisandanaya Pilibanda komisame Nirdesha (LLRC) aColombobCPAc2012 aviii. 144 p ., aRecommendations of the Commission on Lesson learned on reconciliation commission aPunchiheva,S.A. eedt cL 001040708LaWERCLbWERCLcSSCd2024-03-31l0o 323.334 LLRp6754r2024-03-31w2024-03-31yL c5796d5796